Testo del brano - La noia, Angelina Mango - Statistics

Statistiche generali
  • Questo quiz è stato fatto 322 volte
  • Il punteggio medio è 277 su 388
Statistiche sulle risposte
Parole % Corretto
la
98%
La
98%
noia
96%
noia,
96%
a
94%
A
94%
di
94%
e
94%
è
94%
E
94%
È
94%
i
94%
Per
92%
per
92%
In
90%
mi
90%
che
88%
Che
88%
Se
87%
della
86%
non
86%
Non
86%
cumbia
85%
Cumbia,
85%
le
85%
con
81%
Da
80%
Fa
80%
una
80%
Una
80%
ci
79%
me
79%
mia
79%
festa
77%
festa,
77%
giorni
77%
morire
77%
corona
76%
il
76%
spine
76%
resta
75%
ridere
75%
Sarà
75%
soffrire
75%
ha
74%
vita
74%
Vivo
74%
dress-code
73%
ho
73%
li
73%
più
73%
questi
73%
senza
73%
collo
72%
total
72%
Total
72%
hanno
71%
ma
71%
Ma
71%
Muoio
71%
notti
70%
qui
70%
detto
69%
Quanti
69%
fatto
68%
perline
68%
viene,
68%
viene
68%
Viene
68%
Ah,
67%
ah
67%
colorate
67%
disegni
67%
Io
67%
preziosa
67%
Questa
67%
c’è
66%
traumi
66%
usati
66%
grande
65%
guardo
65%
Vado
65%
bimbe
63%
dato
63%
ferma
63%
fretta
63%
incasinate
63%
bruciate
62%
saggezza
62%
sul
62%
perle
61%
pigra
61%
collana
60%
l’età
60%
pagina
60%
Rimango
60%
piano
59%
prende
59%
testa
59%
stare
57%
alta
56%
Nessuno
55%
Perché
53%
perché
53%
Allora
52%
indosso
52%
Sì,
51%
ti
51%
città
50%
croce
50%
snodare
50%
zero
50%
drammi
49%
queste
49%
Business,
48%
business
48%
nuovo
47%
cambio
46%
sto
46%
parli
45%
Quasi
45%
quasi
45%
lavare
44%
piatti
44%
canzoni ?
43%
canzoni
43%
gli
43%
guarda,
42%
Princess,
42%
“princess”
42%
ballo
41%
chiama
41%
Pasqua,
40%
d’amore
39%
male
39%
scrivi
39%
smettila
38%
cantare
36%
fermo
36%
oh,
36%
faccio
35%
voglia
35%
adesso
34%
contratti
34%
poi
34%
qualcuno
34%
gente
33%
gioie
33%
grandi
33%
umani
33%
voglio
33%
deve
32%
fermare
32%
fermare,
32%
annoiare
31%
bene,
31%
scappare
31%
Eppure
30%
firmare
30%
inciampare,
30%
difficile
29%
occhi
29%
Rende
29%
vede
29%
almeno
28%
dico
28%
rischio
28%
campare
27%
chiudo
27%
nelle
27%
notte
27%
Quanta
27%
Quindi
27%
cose
26%
parlare
26%
come
23%
modo
23%
l’unico
22%
guardano
21%
vorrei
21%
iniziano
20%
dirgli
19%
Instanto
4%
Nessun quiz corrispondente trovato
Distribuzione punteggi
Percentuale di utenti per punteggio
Percentile per numero di risposta
I tuoi punteggi nel tempo
Non hai fatto questo quiz